[Event "DEM U12 2016"]
[Site "Willingen GER"]
[Date "2016.05.18"]
[Round "6"]
[White "Astner, Sebastian"]
[Black "Weihrauch, Jakob"]
[Result "1-0"]
[Termination "normal"]
[Board "6"]
[WhiteElo "1712"]
[BlackElo "1856"]
[WhiteClock "00:06:00"]
[BlackClock "00:05:59"]
[PlyCount "113"]
[WhiteFideId "12979422"]
[BlackFideId "16210115"]
[EventCountry "GER"]
[EventRounds "11"]
[EventType "swiss"]
[EventDate "2016.05.14"]

1. e4 c5 2. Nf3 e6 3. d4 cxd4 4. Nxd4 a6 5. Bd3 Qc7 6. Be3 b5 7. Nd2 Bb7 8. O-O
Nf6 9. Rc1 Bc5 10. Qe2 d6 11. a3 O-O 12. b4 Bxd4 13. Bxd4 e5 14. Bb2 Nc6 15. c4
bxc4 16. Nxc4 Qe7 17. f3 Rad8 18. Ne3 Qe6 19. Bxa6 Bxa6 20. Qxa6 Nb8 21. Qc4
Qd7 22. Nd5 Qa7+ 23. Kh1 Nxd5 24. Qxd5 Qa6 25. Rfd1 Rd7 26. h3 h6 27. Rc2 Qa7
28. Rdc1 Qb6 29. Rc8 Rxc8 30. Rxc8+ Kh7 31. Rc2 Rc7 32. Qd3 Rxc2 33. Qxc2 Nc6
34. Qc4 f6 35. Qd3 Na7 36. Bc3 Qc6 37. Bb2 Qb6 38. Qd2 Qc6 39. Qc3 Qd7 40. Qb3
Qb5 41. a4 Qb7 42. b5 Qb6 43. Qb4 Kg6 44. Ba3 Nc8 45. a5 Qc7 46. b6 Qb7 47. Qb5
Kh7 48. Bc1 Na7 49. Qd5 Nc6 50. Bd2 Qc8 51. a6 Qa8 52. a7 Qb7 53. Be3 Qc8 54.
Qxd6 Kg6 55. Qc7 Nxa7 56. Qxc8 Nxc8 57. b7 1-0

[Event "DEM U12 2016"]
[Site "Willingen GER"]
[Date "2016.05.18"]
[Round "6"]
[White "Englert, Jon"]
[Black "Hassemeier, Mika"]
[Result "1-0"]
[Termination "normal"]
[Board "7"]
[WhiteElo "1663"]
[BlackElo "1769"]
[WhiteClock "00:17:22"]
[BlackClock "00:35:10"]
[PlyCount "85"]
[WhiteFideId "12992275"]
[BlackFideId "12994880"]
[EventCountry "GER"]
[EventRounds "11"]
[EventType "swiss"]
[EventDate "2016.05.14"]

1. g3 d5 2. Bg2 e5 3. d3 Nf6 4. Nd2 Bd6 5. e4 c6 6. Ne2 O-O 7. O-O Qc7 8. Nc3
Be6 9. exd5 Nxd5 10. Nde4 Be7 11. Ng5 Bxg5 12. Bxg5 Nxc3 13. bxc3 Bd5 14. Bh3
f6 15. Bd2 Na6 16. c4 Bf7 17. Bg2 Rad8 18. Qb1 b6 19. Bc3 c5 20. a4 Nb8 21. a5
Be8 22. Qb2 Bc6 23. axb6 axb6 24. Bxc6 Qxc6 25. f3 Nd7 26. Kg2 Rfe8 27. Ra7 Ra8
28. Rfa1 Rxa7 29. Rxa7 Ra8 30. Qb5 Qc8 31. Rxa8 Qxa8 32. Qxd7 h6 33. Qd5+ Qxd5
34. cxd5 Kf8 35. Kf2 Ke7 36. Ke3 Kd6 37. Ke4 g6 38. g4 b5 39. f4 exf4 40. Bxf6
c4 41. dxc4 bxc4 42. Be5+ Kd7 43. Bxf4 1-0

[Event "DEM U12 2016"]
[Site "Willingen GER"]
[Date "2016.05.18"]
[Round "6"]
[White "Hetzner, Hannes"]
[Black "Dobrikov, Marco"]
[Result "0-1"]
[Termination "normal"]
[Board "8"]
[WhiteElo "1319"]
[BlackElo "1943"]
[WhiteClock "00:02:30"]
[BlackClock "00:17:19"]
[PlyCount "99"]
[WhiteFideId "16211936"]
[BlackFideId "12950378"]
[EventCountry "GER"]
[EventRounds "11"]
[EventType "swiss"]
[EventDate "2016.05.14"]

1. e4 c5 2. Nf3 Nc6 3. d4 cxd4 4. Nxd4 g6 5. Nc3 Bg7 6. Be3 Nf6 7. Bc4 O-O 8.
Bb3 d6 9. f3 Bd7 10. Qd2 Rc8 11. h4 Ne5 12. O-O-O Nc4 13. Bxc4 Rxc4 14. g4 Qa5
15. Kb1 Rfc8 16. Nde2 Qb4 17. e5 Be6 18. exf6 Bxf6 19. a3 Qa5 20. Bd4 Bxd4 21.
Nxd4 Rxc3 22. Nxe6 Qb6 23. Qd4 Qxd4 24. Nxd4 R3c7 25. c3 a6 26. h5 Kg7 27. Rd2
Kf6 28. Rdh2 e6 29. hxg6 hxg6 30. Rh8 Rxh8 31. Rxh8 Ke5 32. Kc2 Kf4 33. Rh7 Re7
34. Rh1 e5 35. Re1 Rd7 36. Re4+ Kg3 37. Ne2+ Kxf3 38. Kd3 f6 39. g5 f5 40. Re3+
Kg4 41. Rg3+ Kh4 42. Rg1 d5 43. Ke3 Rc7 44. Nd4 f4+ 45. Kd3 exd4 46. Kxd4 Re7
47. Kxd5 f3 48. Kd4 f2 49. Rf1 Kg3 50. Rc1 0-1

[Event "DEM U12 2016"]
[Site "Willingen GER"]
[Date "2016.05.18"]
[Round "6"]
[White "Bethke, Richard"]
[Black "Breitzmann, Sander"]
[Result "1-0"]
[Termination "normal"]
[Board "9"]
[WhiteElo "1844"]
[BlackElo "1582"]
[WhiteClock "00:49:44"]
[BlackClock "00:07:15"]
[PlyCount "111"]
[WhiteFideId "12959243"]
[BlackFideId "12987085"]
[EventCountry "GER"]
[EventRounds "11"]
[EventType "swiss"]
[EventDate "2016.05.14"]

1. e4 e5 2. Nf3 Nc6 3. Bc4 Bc5 4. c3 Nf6 5. d3 d6 6. Bb3 a6 7. Nbd2 Ba7 8. h3
Ne7 9. Nf1 Ng6 10. Ng3 O-O 11. O-O Nf4 12. d4 Qe7 13. Re1 N6h5 14. Nxh5 Nxh5
15. Be3 Nf6 16. dxe5 dxe5 17. Bxa7 Rxa7 18. Qe2 b5 19. a4 b4 20. cxb4 Qxb4 21.
Bxf7+ Rxf7 22. Nxe5 Rf8 23. Nc6 Qb7 24. Qc4+ Kh8 25. Qc5 Nd7 26. Qxa7 Qxc6 27.
Qd4 Qc5 28. Qxc5 Nxc5 29. Re3 Ne6 30. Rd1 Kg8 31. h4 Re8 32. b4 Kf7 33. g3 Ke7
34. f4 Bd7 35. f5 Nd8 36. Rc1 c6 37. g4 Nb7 38. Kf2 Rb8 39. e5 Nd8 40. Rc4 g6
41. e6 Be8 42. Kg3 Kf6 43. g5+ Kg7 44. f6+ Kg8 45. f7+ Nxf7 46. exf7+ Bxf7 47.
Rxc6 Rxb4 48. Rxa6 Kg7 49. Ra7 Kg8 50. Ree7 Rb3+ 51. Kf4 Rb4+ 52. Ke5 Rb1 53.
Rxf7 Re1+ 54. Kd4 Rd1+ 55. Ke3 Re1+ 56. Kf2 1-0

[Event "DEM U12 2016"]
[Site "Willingen GER"]
[Date "2016.05.18"]
[Round "6"]
[White "Hinrichs, Paul"]
[Black "Musiolik, David"]
[Result "0-1"]
[Termination "normal"]
[Board "10"]
[WhiteElo "1795"]
[BlackElo "1643"]
[PlyCount "104"]
[WhiteFideId "12942545"]
[BlackFideId "12972355"]
[EventCountry "GER"]
[EventRounds "11"]
[EventType "swiss"]
[EventDate "2016.05.14"]

1. d4 d5 2. c4 e6 3. Nc3 Be7 4. Nf3 Nf6 5. Bg5 O-O 6. e3 b6 7. Bd3 Ba6 8. cxd5
Bxd3 9. Qxd3 exd5 10. O-O Re8 11. Rac1 c6 12. Ne5 Nfd7 13. Bxe7 Nxe5 14. Qxh7+
Kxh7 15. Bxd8 Nd3 16. Rcd1 Nxb2 17. Rb1 Nc4 18. Bc7 Nd2 19. Bd6 Rd8 20. Ba3 Nd7
21. Na4 Nf8 22. Rbc1 Nxf1 23. Kxf1 Rac8 24. Be7 Re8 25. Ba3 Ne6 26. g3 Ng5 27.
Ke2 g6 28. Nb2 Ne6 29. Kd2 c5 30. dxc5 Nxc5 31. Bxc5 Rxc5 32. Rxc5 bxc5 33. Nd3
Rc8 34. Nf4 d4 35. exd4 cxd4 36. Ne2 Rc4 37. Kd3 Ra4 38. Nc1 Kg7 39. f4 Kf6 40.
Kc2 Rc4+ 41. Kd2 Ke6 42. Kd1 Kd5 43. Nd3 f6 44. Kd2 Ra4 45. Kd1 Ra3 46. Nc1 Kc4
47. Kc2 Rf3 48. g4 Rf2+ 49. Kd1 Rxf4 50. h3 Rf3 51. h4 Rh3 52. g5 f5 0-1

[Event "DEM U12 2016"]
[Site "Willingen GER"]
[Date "2016.05.18"]
[Round "6"]
[White "Wu, Luka"]
[Black "Sulayev, Daniel"]
[Result "1-0"]
[Termination "normal"]
[Board "11"]
[WhiteElo "1777"]
[BlackElo "1791"]
[PlyCount "75"]
[WhiteFideId "12977420"]
[BlackFideId "12977675"]
[EventCountry "GER"]
[EventRounds "11"]
[EventType "swiss"]
[EventDate "2016.05.14"]

1. e4 c5 2. Nf3 Nc6 3. d4 cxd4 4. Nxd4 Nf6 5. Nc3 e5 6. Ndb5 d6 7. Bg5 a6 8.
Na3 b5 9. Nd5 Be7 10. Bxf6 Bxf6 11. c4 b4 12. Nc2 Rb8 13. b3 Bg5 14. Be2 O-O
15. O-O Be6 16. Qd3 f5 17. Bf3 f4 18. Rfd1 a5 19. a3 Kh8 20. axb4 axb4 21. Ra4
Rg8 22. Ndxb4 Nxb4 23. Rxb4 Rxb4 24. Nxb4 Qa5 25. Qxd6 Bc8 26. Nc6 Qa2 27. Qxe5
Bh4 28. g3 fxg3 29. hxg3 Qxb3 30. Nd4 Bxg3 31. Qxg3 Qxc4 32. Kg2 Bd7 33. Bg4
Bxg4 34. Qxg4 Qf7 35. Nf3 Rf8 36. Rh1 g6 37. Qg3 h5 38. Ne5 1-0

[Event "DEM U12 2016"]
[Site "Willingen GER"]
[Date "2016.05.18"]
[Round "6"]
[White "Hoffmann, Simon"]
[Black "Evering, Sören"]
[Result "1/2-1/2"]
[Termination "normal"]
[Board "12"]
[WhiteElo "1710"]
[BlackElo "1844"]
[PlyCount "87"]
[WhiteFideId "12979686"]
[BlackFideId "12974650"]
[EventCountry "GER"]
[EventRounds "11"]
[EventType "swiss"]
[EventDate "2016.05.14"]

1. e4 c5 2. Nc3 Nc6 3. g3 g6 4. Bg2 Bg7 5. d3 d6 6. Be3 Nf6 7. h3 e5 8. Qd2 Nd4
9. Nd1 d5 10. c3 Ne6 11. Bh6 O-O 12. Bxg7 Kxg7 13. Qe3 d4 14. Qd2 Re8 15. Nf3
Qd6 16. O-O Bd7 17. Rc1 Rac8 18. Ng5 b5 19. Nxe6+ Bxe6 20. b3 Qd7 21. Kh2 Red8
22. c4 bxc4 23. bxc4 Rb8 24. f4 exf4 25. Qxf4 Qe7 26. Rf2 Rb6 27. Rb2 Rxb2 28.
Nxb2 Nh5 29. Qf2 Rb8 30. Rf1 Kg8 31. Nd1 Ng7 32. Qf4 Rb6 33. Rf2 Nh5 34. Qf3
Ng7 35. Rb2 Rxb2 36. Nxb2 Qb7 37. Qe2 Qc7 38. Bf3 Ne8 39. Bg4 Ng7 40. Kg2 Qb6
41. Bxe6 Nxe6 42. Qc2 Qb4 43. Kf2 Qb8 44. Nd1 1/2-1/2

[Event "DEM U12 2016"]
[Site "Willingen GER"]
[Date "2016.05.18"]
[Round "6"]
[White "Hundrieser, Malte"]
[Black "Pauls, Fynn"]
[Result "1/2-1/2"]
[Termination "normal"]
[Board "13"]
[WhiteElo "1845"]
[BlackElo "1726"]
[PlyCount "96"]
[WhiteFideId "12997153"]
[BlackFideId "16213149"]
[EventCountry "GER"]
[EventRounds "11"]
[EventType "swiss"]
[EventDate "2016.05.14"]

1. e4 e5 2. Nf3 Nc6 3. Bc4 Bc5 4. c3 Nf6 5. d3 d6 6. O-O O-O 7. a4 a5 8. Na3
Bxa3 9. Rxa3 b6 10. Qe2 h6 11. h3 Bd7 12. d4 Re8 13. Bd3 exd4 14. cxd4 Nb4 15.
e5 Bc6 16. Bf4 Nfd5 17. Bh2 Nxd3 18. Qxd3 Nb4 19. Qf5 dxe5 20. Nxe5 Bd5 21. Rg3
Qe7 22. Qh5 Qe6 23. Rg4 f6 24. Ng6 Be4 25. Bf4 Qf5 26. Qh4 Kh7 27. Rc1 c5 28.
Rc3 Bd3 29. dxc5 bxc5 30. Be3 c4 31. Rc1 Nd5 32. Bd4 Re4 33. Rxe4 Qxe4 34. Qxe4
Bxe4 35. Nh4 Rc8 36. g3 Rc6 37. Ng2 Bxg2 38. Kxg2 Nb4 39. b3 cxb3 40. Rb1 Nc2
41. Bb2 Rc4 42. Bc1 Ne1+ 43. Kf1 Nd3 44. Bd2 b2 45. Ke2 Rc1 46. Rxb2 Nxb2 47.
Bxc1 Nxa4 48. Bd2 Nc5 1/2-1/2

[Event "DEM U12 2016"]
[Site "Willingen GER"]
[Date "2016.05.18"]
[Round "6"]
[White "Popist, Florian"]
[Black "Colbow, Collin"]
[Result "1/2-1/2"]
[Termination "normal"]
[Board "14"]
[WhiteElo "1689"]
[BlackElo "1632"]
[PlyCount "60"]
[WhiteFideId "16203518"]
[BlackFideId "16201132"]
[EventCountry "GER"]
[EventRounds "11"]
[EventType "swiss"]
[EventDate "2016.05.14"]

1. e4 e5 2. Nf3 Nc6 3. d4 exd4 4. Nxd4 Nf6 5. Nc3 Bb4 6. Nxc6 bxc6 7. Bd3 d5 8.
exd5 cxd5 9. O-O O-O 10. Bg5 c6 11. Qf3 Bd6 12. Rfe1 Rb8 13. Na4 Rb4 14. b3 h6
15. Bxf6 Qxf6 16. Qxf6 gxf6 17. g3 c5 18. c3 Rb8 19. Bf1 Be6 20. Rad1 Rfd8 21.
Bg2 Bf8 22. Rd2 Rd7 23. Red1 Rbd8 24. Nb2 d4 25. cxd4 cxd4 26. Be4 f5 27. Bd3
Bg7 28. Nc4 Kh7 29. f4 Kg6 30. Re1 Rc7 1/2-1/2

[Event "DEM U12 2016"]
[Site "Willingen GER"]
[Date "2016.05.18"]
[Round "6"]
[White "Tham, Minh"]
[Black "Kosev, Momchil"]
[Result "1-0"]
[Termination "normal"]
[Board "15"]
[WhiteElo "1737"]
[BlackElo "1778"]
[PlyCount "59"]
[WhiteFideId "12997323"]
[BlackFideId "12975982"]
[EventCountry "GER"]
[EventRounds "11"]
[EventType "swiss"]
[EventDate "2016.05.14"]

1. e4 c5 2. d4 cxd4 3. c3 dxc3 4. Nxc3 e6 5. Nf3 Ne7 6. Bg5 Qc7 7. Nb5 Qb6 8.
Nd6+ Kd8 9. Nxf7+ Ke8 10. Nxh8 Nbc6 11. Qb3 Qa5+ 12. Bd2 Qc7 13. Rc1 b6 14. Bd3
Bb7 15. O-O Ng8 16. e5 g6 17. Nxg6 hxg6 18. Bxg6+ Kd8 19. Bf7 Nge7 20. Bb4 Bh6
21. Bd6 Qc8 22. Rc2 Nf5 23. Rd1 Ba6 24. g4 Nfe7 25. g5 Bg7 26. Bxe7+ Kxe7 27.
g6 Qb7 28. Qa3+ Kd8 29. Bxe6 Nb8 30. Bd5 1-0

[Event "DEM U12 2016"]
[Site "Willingen GER"]
[Date "2016.05.18"]
[Round "6"]
[White "Kolb, Tobias"]
[Black "Grund, Sebastian"]
[Result "1/2-1/2"]
[Termination "normal"]
[Board "16"]
[WhiteElo "1535"]
[BlackElo "1773"]
[PlyCount "44"]
[WhiteFideId "12992321"]
[BlackFideId "12988626"]
[EventCountry "GER"]
[EventRounds "11"]
[EventType "swiss"]
[EventDate "2016.05.14"]

1. e4 c5 2. Nc3 Nc6 3. g3 g6 4. Bg2 Bg7 5. d3 d6 6. Be3 e6 7. Qd2 Nge7 8. Bh6
O-O 9. Bxg7 Kxg7 10. Nge2 d5 11. exd5 exd5 12. O-O Be6 13. Nf4 Nd4 14. Nce2
Nec6 15. Nxd4 Nxd4 16. c3 Nc6 17. Rfe1 Qd6 18. Nh5+ gxh5 19. Qg5+ Kh8 20. Qf6+
Kg8 21. Qg5+ Kh8 22. Qf6+ Kg8 1/2-1/2

[Event "DEM U12 2016"]
[Site "Willingen GER"]
[Date "2016.05.18"]
[Round "6"]
[White "Wensing, Jonathan"]
[Black "Röhr, Oliver"]
[Result "1-0"]
[Termination "normal"]
[Board "17"]
[WhiteElo "1578"]
[BlackElo "1739"]
[PlyCount "31"]
[WhiteFideId "16222482"]
[BlackFideId "12987697"]
[EventCountry "GER"]
[EventRounds "11"]
[EventType "swiss"]
[EventDate "2016.05.14"]

1. e4 c5 2. Nf3 d6 3. d4 cxd4 4. Nxd4 Nf6 5. Nc3 a6 6. h3 h6 7. Be3 e5 8. Nde2
Be6 9. g4 d5 10. exd5 Nxd5 11. Bg2 Bb4 12. O-O Nxc3 13. Qxd8+ Kxd8 14. bxc3 Be7
15. Bxb7 Bc4 16. Rfe1 1-0

[Event "DEM U12 2016"]
[Site "Willingen GER"]
[Date "2016.05.18"]
[Round "6"]
[White "Krastev, Alexander"]
[Black "Kirchner, Markus"]
[Result "1-0"]
[Termination "normal"]
[Board "18"]
[WhiteElo "1931"]
[BlackElo "1642"]
[PlyCount "51"]
[WhiteFideId "12989983"]
[BlackFideId "12979163"]
[EventCountry "GER"]
[EventRounds "11"]
[EventType "swiss"]
[EventDate "2016.05.14"]

1. e4 d6 2. d4 Nf6 3. Nc3 c6 4. f4 Qa5 5. Bd3 e5 6. Nf3 Bg4 7. dxe5 dxe5 8. O-O
Nbd7 9. h3 Bxf3 10. Qxf3 Be7 11. f5 Bc5+ 12. Kh2 Qc7 13. a3 a5 14. Bc4 O-O 15.
g4 b5 16. Ba2 b4 17. Na4 bxa3 18. g5 Ne8 19. g6 Nef6 20. bxa3 Bd6 21. gxf7+ Kh8
22. Rg1 Rfd8 23. Qg2 Bf8 24. Bh6 Nh5 25. Qg5 Ndf6 26. Nc5 1-0

[Event "DEM U12 2016"]
[Site "Willingen GER"]
[Date "2016.05.18"]
[Round "6"]
[White "Lommel, Hagen"]
[Black "Do, Nam"]
[Result "0-1"]
[Termination "normal"]
[Board "19"]
[WhiteElo "1619"]
[BlackElo "1890"]
[PlyCount "64"]
[WhiteFideId "12972380"]
[BlackFideId "12998885"]
[EventCountry "GER"]
[EventRounds "11"]
[EventType "swiss"]
[EventDate "2016.05.14"]

1. e4 e5 2. Nf3 Nc6 3. Bb5 a6 4. Ba4 Nf6 5. Qe2 b5 6. Bb3 Be7 7. a4 b4 8. a5
Bb7 9. O-O O-O 10. c3 h6 11. Bc2 d5 12. d4 dxe4 13. Nxe5 bxc3 14. bxc3 Qd5 15.
f4 Nxd4 16. Qf2 Bc5 17. Be3 Nxc2 18. Bxc5 Nxa1 19. Bxf8 Rxf8 20. c4 Qxa5 21.
Qb2 Qb6+ 22. Qxb6 cxb6 23. Nc3 Nc2 24. Na4 b5 25. cxb5 axb5 26. Nc5 Bc8 27. Rb1
b4 28. Nc6 e3 29. Nxb4 Nxb4 30. Rxb4 Re8 31. Kf1 Nd5 32. Ne4 Nxb4 0-1

[Event "DEM U12 2016"]
[Site "Willingen GER"]
[Date "2016.05.18"]
[Round "6"]
[White "Lutz, Ruben"]
[Black "Simukov, Erik"]
[Result "1-0"]
[Termination "normal"]
[Board "20"]
[WhiteElo "1693"]
[BlackElo "1518"]
[PlyCount "69"]
[WhiteFideId "12975974"]
[BlackFideId "12995380"]
[EventCountry "GER"]
[EventRounds "11"]
[EventType "swiss"]
[EventDate "2016.05.14"]

1. d4 d5 2. c4 e6 3. cxd5 exd5 4. Nc3 c6 5. Nf3 Bf5 6. Bf4 Nf6 7. e3 Be7 8. Bd3
Bxd3 9. Qxd3 O-O 10. h3 Nbd7 11. O-O Re8 12. Rab1 Nf8 13. b4 a6 14. a4 Ng6 15.
Bh2 Bd6 16. Bxd6 Qxd6 17. Nd2 Qe7 18. Ne2 Nf8 19. Rfc1 Rac8 20. Nf4 g5 21. Ne2
g4 22. Qf5 gxh3 23. Qxh3 Ne6 24. Ng3 Ng7 25. Nf3 Ne4 26. Ne5 f6 27. Nd3 Nd2 28.
Rb2 Nc4 29. Rbc2 Nxe3 30. fxe3 Qxe3+ 31. Nf2 Qxd4 32. Kh2 Qxb4 33. Ng4 Qd6 34.
Rf2 Re6 35. Nxf6+ 1-0

[Event "DEM U12 2016"]
[Site "Willingen GER"]
[Date "2016.05.18"]
[Round "6"]
[White "Pubantz, Jan"]
[Black "Breß, Aaron"]
[Result "1-0"]
[Termination "normal"]
[Board "21"]
[WhiteElo "1551"]
[BlackElo "1650"]
[PlyCount "85"]
[WhiteFideId "12996114"]
[BlackFideId "12996432"]
[EventCountry "GER"]
[EventRounds "11"]
[EventType "swiss"]
[EventDate "2016.05.14"]

1. d4 d5 2. c4 e6 3. g3 Nf6 4. Bg2 Nbd7 5. Nf3 c6 6. O-O Be7 7. Nbd2 O-O 8. Qc2
Qc7 9. e4 dxe4 10. Nxe4 Nxe4 11. Qxe4 Nf6 12. Qc2 Rd8 13. Bf4 Qb6 14. Rfe1 Bd7
15. a3 a5 16. c5 Qa7 17. Bc7 Rdc8 18. Bb6 Qb8 19. Ne5 Bd8 20. Nc4 Nd5 21. Bxd8
Rxd8 22. Bxd5 cxd5 23. Nb6 Ra6 24. Nxd7 Rxd7 25. b4 axb4 26. axb4 Qa7 27. Qb2
Rd8 28. b5 Ra5 29. Rxa5 Qxa5 30. Ra1 Qc7 31. Ra7 Rb8 32. Qa3 Qc8 33. Qa5 h6 34.
Qb6 Kh7 35. Qd6 Kg6 36. Qe7 h5 37. c6 Kf5 38. Rxb7 Ra8 39. Qc7 Qxc7 40. Rxc7
Kg4 41. Kg2 Ra5 42. b6 Rb5 43. b7 1-0

[Event "DEM U12 2016"]
[Site "Willingen GER"]
[Date "2016.05.18"]
[Round "6"]
[White "Pahl, Erik"]
[Black "Kostanyan, Hakob"]
[Result "1-0"]
[Termination "normal"]
[Board "22"]
[WhiteElo "1631"]
[BlackElo "1604"]
[PlyCount "117"]
[WhiteFideId "16201272"]
[BlackFideId "12977683"]
[EventCountry "GER"]
[EventRounds "11"]
[EventType "swiss"]
[EventDate "2016.05.14"]

1. e4 c5 2. Nf3 d6 3. d4 cxd4 4. Qxd4 a6 5. c4 Nc6 6. Qe3 Nf6 7. Nc3 e6 8. h3
Be7 9. Be2 b6 10. O-O Bb7 11. Rd1 O-O 12. a3 Qc7 13. Na4 Nd7 14. b4 a5 15. b5
Na7 16. Bb2 Rfd8 17. Rd2 Nc5 18. Nxc5 dxc5 19. Rad1 Rxd2 20. Rxd2 Rd8 21. Be5
Qc8 22. Qf4 Rxd2 23. Nxd2 f6 24. Bc3 e5 25. Qe3 Qc7 26. Bg4 Kf7 27. h4 Nc8 28.
Qf3 Nd6 29. Bxe5 Bc8 30. Bxc8 Qxc8 31. Bc3 g6 32. e5 Nf5 33. exf6 Bxf6 34. Bxf6
Kxf6 35. g4 Qd7 36. Ne4+ Ke5 37. gxf5 gxf5 38. Nc3 Qg7+ 39. Kf1 Kd4 40. a4 Kxc4
41. Ne2 Kb4 42. Qf4+ c4 43. Qd6+ Kxa4 44. Qxb6 Kb4 45. Qc6 Qa1+ 46. Kg2 Qg7+
47. Kh2 Qe5+ 48. Ng3 f4 49. b6 fxg3+ 50. fxg3 Qe2+ 51. Qg2 Qe8 52. b7 c3 53.
Qf2 Qb8 54. Qb6+ Kc4 55. Qc6+ Kd3 56. Qc8 c2 57. Qxb8 c1=Q 58. Qd6+ Ke4 59.
Qf4+ 1-0

[Event "DEM U12 2016"]
[Site "Willingen GER"]
[Date "2016.05.18"]
[Round "6"]
[White "Gallasch, Jonas"]
[Black "Parshykov, Edgar"]
[Result "1/2-1/2"]
[Termination "normal"]
[Board "23"]
[WhiteElo "1564"]
[BlackElo "1599"]
[PlyCount "58"]
[WhiteFideId "16222474"]
[BlackFideId "16222458"]
[EventCountry "GER"]
[EventRounds "11"]
[EventType "swiss"]
[EventDate "2016.05.14"]

1. Nf3 g6 2. d4 Nf6 3. c4 Bg7 4. g3 O-O 5. Bg2 d6 6. O-O Nbd7 7. Qc2 Rb8 8. Nc3
c5 9. Rd1 a6 10. dxc5 Nxc5 11. b4 Bf5 12. e4 Nfxe4 13. Nd4 Nxc3 14. Qxc3 Ne6
15. Be3 Nxd4 16. Bxd4 Bxd4 17. Rxd4 Be6 18. Rad1 Qc7 19. Bd5 Bxd5 20. Rxd5 b6
21. h4 h5 22. Qc1 Kg7 23. Rxh5 Rh8 24. Qc3+ f6 25. Rhd5 Rbc8 26. Rc1 Qb7 27.
Qd2 Rh7 28. c5 bxc5 29. bxc5 Rxc5 1/2-1/2

[Event "DEM U12 2016"]
[Site "Willingen GER"]
[Date "2016.05.18"]
[Round "6"]
[White "Maas, Kolja"]
[Black "Schille, Hannes"]
[Result "0-1"]
[Termination "normal"]
[Board "24"]
[WhiteElo "1432"]
[BlackElo "1629"]
[PlyCount "110"]
[WhiteFideId "16220420"]
[BlackFideId "16206053"]
[EventCountry "GER"]
[EventRounds "11"]
[EventType "swiss"]
[EventDate "2016.05.14"]

1. e4 c5 2. Nf3 d5 3. exd5 Nf6 4. c4 e6 5. dxe6 Bxe6 6. d3 Bd6 7. Nc3 a6 8. Be2
O-O 9. O-O h6 10. Be3 Qe7 11. b3 Ng4 12. g3 Nxe3 13. fxe3 Bh3 14. Nd5 Qd8 15.
Rf2 Be6 16. Bf1 Re8 17. Nf4 Bxf4 18. exf4 Bg4 19. h3 Bxf3 20. Qxf3 Nc6 21. Qg4
Qd4 22. Rc1 Re7 23. f5 Qxg4 24. hxg4 Re3 25. Kg2 Ne5 26. Re2 Nxg4 27. Rxe3
Nxe3+ 28. Kf2 Nxf5 29. Bg2 Nd6 30. Re1 Kf8 31. a4 Re8 32. Rxe8+ Kxe8 33. Ke3 b6
34. g4 f5 35. Kf4 fxg4 36. Kxg4 g6 37. Bf3 Ke7 38. Kf4 Kf6 39. Ke3 g5 40. Bd1
Ke5 41. Kf3 h5 42. Ke3 Nf5+ 43. Kf2 g4 44. Be2 Kf4 45. Bd1 h4 46. a5 bxa5 47.
b4 axb4 48. d4 Nxd4 49. Kg2 b3 50. Bf3 gxf3+ 51. Kf1 Ke3 52. Kg1 b2 53. Kh2
b1=Q 54. Kh3 Qg6 55. Kxh4 Kf4 0-1

[Event "DEM U12 2016"]
[Site "Willingen GER"]
[Date "2016.05.18"]
[Round "6"]
[White "Deutsch, Christoph"]
[Black "Kanzow, Alexander"]
[Result "1-0"]
[Termination "normal"]
[Board "25"]
[WhiteElo "1663"]
[BlackElo "1421"]
[PlyCount "119"]
[WhiteFideId "16206878"]
[BlackFideId "16225414"]
[EventCountry "GER"]
[EventRounds "11"]
[EventType "swiss"]
[EventDate "2016.05.14"]

1. e4 e5 2. Nf3 Nc6 3. Bb5 f5 4. Nc3 fxe4 5. Nxe4 d5 6. Nxe5 dxe4 7. Nxc6 Qg5
8. Qe2 Nf6 9. f4 Qc5 10. Ne5+ c6 11. Bc4 Bd6 12. d4 Qa5+ 13. c3 Qc7 14. O-O Bd7
15. Bd2 Rf8 16. b4 b5 17. Bb3 Ke7 18. Rac1 Rfc8 19. Nxd7 Kxd7 20. Qe3 Ke7 21.
Bc2 Re8 22. Rce1 Kf8 23. Qh3 Re7 24. Qf5 Rae8 25. Re3 Kg8 26. g3 Qd7 27. Qxd7
Rxd7 28. a4 Rde7 29. Rfe1 a6 30. h3 h5 31. R3e2 g6 32. Kg2 Kg7 33. Kf2 Kf8 34.
Bb3 Ra8 35. Ra1 Raa7 36. Bc2 Ra8 37. Be1 Raa7 38. Bb1 Re8 39. Rea2 Rea8 40. Bc2
Kg7 41. Ke3 Kf8 42. Bd2 Kg7 43. Bd1 Kf8 44. Be2 Bb8 45. axb5 axb5 46. Rxa7 Rxa7
47. Rxa7 Bxa7 48. Bd1 Ke7 49. Bc2 Ke6 50. Bxe4 Nxe4 51. Kxe4 Bb8 52. g4 hxg4
53. hxg4 Bd6 54. f5+ gxf5+ 55. gxf5+ Kf6 56. Bf4 Be7 57. Bg3 Kf7 58. Ke5 Bf8
59. Bh4 Ke8 60. Ke6 1-0

[Event "DEM U12 2016"]
[Site "Willingen GER"]
[Date "2016.05.18"]
[Round "6"]
[White "Riemann, Jonas"]
[Black "Jakob, Georg"]
[Result "1/2-1/2"]
[Termination "normal"]
[Board "26"]
[WhiteElo "1408"]
[BlackElo "1533"]
[PlyCount "40"]
[WhiteFideId "12977462"]
[BlackFideId "16224221"]
[EventCountry "GER"]
[EventRounds "11"]
[EventType "swiss"]
[EventDate "2016.05.14"]

1. e4 c5 2. Nf3 a6 3. c3 e6 4. d4 d5 5. exd5 exd5 6. dxc5 Bxc5 7. Be2 Nf6 8.
O-O h6 9. Bf4 Nc6 10. Re1 Be6 11. Nbd2 O-O 12. Nb3 Ba7 13. Nfd4 Qd7 14. Bf3
Rae8 15. Qd3 Ne7 16. Be3 Nc8 17. Re2 Bb8 18. Rae1 Ne4 19. Nxe6 Rxe6 20. g3 Qc6
1/2-1/2

[Event "DEM U12 2016"]
[Site "Willingen GER"]
[Date "2016.05.18"]
[Round "6"]
[White "Karl, Simon"]
[Black "Marzisch, Darius"]
[Result "1/2-1/2"]
[Termination "normal"]
[Board "27"]
[WhiteElo "1451"]
[BlackElo "1493"]
[PlyCount "40"]
[WhiteFideId "16217985"]
[BlackFideId "12997480"]
[EventCountry "GER"]
[EventRounds "11"]
[EventType "swiss"]
[EventDate "2016.05.14"]

1. d4 Nf6 2. c4 g6 3. Nc3 Bg7 4. Nf3 d6 5. g3 O-O 6. Bg2 c6 7. O-O Nbd7 8. e4
e5 9. Re1 Re8 10. h3 exd4 11. Nxd4 Ne5 12. b3 Ned7 13. Be3 Nc5 14. Qc2 Ne6 15.
Kh2 Nxd4 16. Bxd4 Be6 17. f4 Re7 18. Rad1 Qc7 19. Rd2 a6 20. Qb2 Ne8 1/2-1/2

[Event "DEM U12 2016"]
[Site "Willingen GER"]
[Date "2016.05.18"]
[Round "6"]
[White "Yüksel, Baran"]
[Black "Stahnecker, Hagen"]
[Result "0-1"]
[Termination "normal"]
[Board "28"]
[WhiteElo "1351"]
[BlackElo "1316"]
[PlyCount "88"]
[WhiteFideId "12998710"]
[BlackFideId "16225422"]
[EventCountry "GER"]
[EventRounds "11"]
[EventType "swiss"]
[EventDate "2016.05.14"]

1. e4 e5 2. Nf3 Nc6 3. d4 exd4 4. Nxd4 Bc5 5. Nb3 Bb6 6. a4 a6 7. Nc3 Nf6 8.
Be2 d6 9. Bg5 O-O 10. Nd5 Bxf2+ 11. Kf1 Ba7 12. Nxf6+ gxf6 13. Bh6 Re8 14. Bd3
Ne5 15. Qe1 Kh8 16. Be3 c5 17. Nd2 d5 18. exd5 Nxd3 19. cxd3 Qxd5 20. Qe2 f5
21. Bd4+ Qxd4 22. Qxe8+ Kg7 23. Qe2 Qxb2 24. Rb1 Qd4 25. Nf3 Qxa4 26. Qe5+ Kg8
27. Qc3 Qa2 28. Re1 Be6 29. Qd2 Qxd2 30. Nxd2 b5 31. Ke2 Bb6 32. Rb1 b4 33.
Rhc1 a5 34. Nc4 Bxc4 35. dxc4 a4 36. Ra1 Kg7 37. Kd3 Kg6 38. Ra2 Bc7 39. Rca1
a3 40. Rb1 Bxh2 41. Kc2 Be5 42. Kb3 Bb2 43. Kc2 Rb8 44. Rd1 b3+ 0-1